000 00813nam a2200253Ia 4500
003 OSt
005 20221005033604.0
006 a|||||r|||| 00| 0
007 ta
008 221004b |||||||| |||| 00| 0 eng d
020 _a9781107142169 (hbk)
_cINR 550.00
024 _a33416
037 _b0362, 06/03/2017, Synergy Books India
_cTextual
040 _aCRL
_cCRL
_beng
041 _2eng
_aeng
082 _aZ2,91, Q5
100 _aParmar Pooja Au.
_9586209
245 0 _aIndigeneity and legal pluralism in India
_b claims, histories, meanings
260 _aDelhi
_bCambridge University Press India
_c2015
300 _axii,241p.
_ccm.
650 _aLAW - INDIA
_915654
942 _hZ2,91, Q5
_cTEXL
_2cc
999 _c941766
_d941766